00832nam a2200229 a 450000100060000000300080000600500170001400800410003103500190007204000270009104100080011808200220012610000200014824500610016826000480022930000290027765000380030670000500034474000290039485600890042385600900051259538BD-RjUL20211209080737.0161226s1984 enka 000 0 eng  a(BD-RjUL)59662 aDLCcDLCdBD-RjULbeng aeng00a004223bBEB 19841 aBesag, Frank P.10aBASIC for teachers /cFrank P. Besag, Leonard P. Levine. aBeverly Hills :bSage Publications,cc1984. a208 p. :bill. ;c28 cm. 0aBASIC (Computer program language)1 aLevine, Leonard P.q(Leonard Phillip),d1932-0 aB.A.S.I.C. for teachers.423Publisher descriptionuhttp://www.loc.gov/catdir/enhancements/fy0654/84006953-d.html413Table of contents onlyuhttp://www.loc.gov/catdir/enhancements/fy0654/84006953-t.html